<?xml version="1.0" encoding="UTF-8"?>
<collection xmlns="http://www.loc.gov/MARC21/slim">
 <record>
  <leader>00704nam a2200169 a 4500</leader>
  <controlfield tag="001">1/32391</controlfield>
  <controlfield tag="008">070419s2006    gr            00010 gre  </controlfield>
  <datafield tag="020" ind1=" " ind2=" ">
   <subfield code="a">9608612578</subfield>
  </datafield>
  <datafield tag="035" ind1=" " ind2=" ">
   <subfield code="l">34757</subfield>
  </datafield>
  <datafield tag="040" ind1=" " ind2=" ">
   <subfield code="a">GR-PeUP</subfield>
  </datafield>
  <datafield tag="082" ind1="0" ind2="0">
   <subfield code="a">880 ΜΙΣ</subfield>
  </datafield>
  <datafield tag="100" ind1="1" ind2=" ">
   <subfield code="a">Μίσσιος, Κώστας Γ.,</subfield>
   <subfield code="d">1938-</subfield>
  </datafield>
  <datafield tag="245" ind1="1" ind2="0">
   <subfield code="a">Απ' την Καστοριά, με αγάπη :</subfield>
   <subfield code="b">(γράμματα ενός στρατιώτη) /</subfield>
   <subfield code="c">Κώστας Γ. Μίσσιος.</subfield>
  </datafield>
  <datafield tag="260" ind1="0" ind2=" ">
   <subfield code="a">Μυτιλήνη:</subfield>
   <subfield code="b">[χ.ο.],</subfield>
   <subfield code="c">2006.</subfield>
  </datafield>
  <datafield tag="300" ind1=" " ind2=" ">
   <subfield code="a">176 σ.:</subfield>
   <subfield code="b">φωτ.;</subfield>
   <subfield code="c">21 εκ.</subfield>
  </datafield>
  <datafield tag="600" ind1="1" ind2="4">
   <subfield code="a">Μίσσιος, Κώστας Γ.</subfield>
   <subfield code="d">(1938- )</subfield>
   <subfield code="x">Αλληλογραφία.</subfield>
  </datafield>
  <datafield tag="852" ind1=" " ind2=" ">
   <subfield code="a">INST</subfield>
   <subfield code="b">UNIPILB</subfield>
   <subfield code="c">MAIN</subfield>
   <subfield code="e">20070419</subfield>
   <subfield code="h">880 ΜΙΣ</subfield>
   <subfield code="p">00152503</subfield>
   <subfield code="q">00152503</subfield>
   <subfield code="t">LOAN</subfield>
   <subfield code="y">0</subfield>
   <subfield code="4">1</subfield>
  </datafield>
 </record>
</collection>
